PBL MVPs Quiz - Statistics

General Stats
  • This quiz has been taken 10 times
  • The average score is 17 of 67
Answer Stats
Hint Answer % Correct
2041 Tyrell Jones
60%
2040 Tyrell Jones
60%
2038 Tyrell Jones
60%
2037 Tyrell Jones
60%
2033 Tyrell Jones
60%
2085 Milton Ofori
40%
2084 Milton Ofori
40%
2083 Milton Ofori
40%
2082 Milton Ofori
40%
2081 Milton Ofori
40%
2062 Nico Parker
40%
2086 Zach Wainwright
40%
2079 Antwine McCaffrey
20%
2078 Antwine McCaffrey
20%
2075 Antwine McCaffrey
20%
2049 Brad Boateng
20%
2023 Brandon McDonald
20%
2022 Brandon McDonald
20%
2061 Chris Pettigrew
20%
2054 Clint Fauras
20%
2070 Cole Roberson
20%
2064 Cole Roberson
20%
2063 Cole Roberson
20%
2080 Dimitris Konstantopoulos
20%
2055 Earl Ellis
20%
2048 Elijah O'Leary-Orange
20%
2047 Felix Patterson
20%
2046 Felix Patterson
20%
2045 Felix Patterson
20%
2044 Felix Patterson
20%
2043 Felix Patterson
20%
2042 Felix Patterson
20%
2068 Geordon Brooks
20%
2067 Geordon Brooks
20%
2066 Geordon Brooks
20%
2065 Geordon Brooks
20%
2060 Geraldo Dinis
20%
2059 Geraldo Dinis
20%
2058 Geraldo Dinis
20%
2039 Hank Beckwith
20%
2036 Hank Beckwith
20%
2035 Hank Beckwith
20%
2034 Hank Beckwith
20%
2032 Hank Beckwith
20%
2031 Hank Beckwith
20%
2073 Jack Lawson
20%
2071 Jack Lawson
20%
2030 Jeff Clay
20%
2029 Jeff Clay
20%
2028 Jeff Clay
20%
2024 John Snow
20%
2074 Kamari Graves
20%
2027 Kamil Zuzak
20%
2021 Kirill Howard
20%
2057 Larry Sumter
20%
2069 Leroy Oden
20%
2077 Luke Hightower
20%
2076 Luke Hightower
20%
2020 Nikola Komatina
20%
2072 Ryan Moore
20%
2025 Sam Duval
20%
2056 Tyler Vainuku
20%
2053 Tyler Vainuku
20%
2052 Tyler Vainuku
20%
2051 Tyler Vainuku
20%
2050 Tyler Vainuku
20%
2026 Joshua Houston
0%
No matching quizzes found
Score Distribution
Percent of People with Each Score
Percentile by Number Answered
Your Score History
You have not taken this quiz